Entrepreneurship: An introduction (Record no. 3587)

MARC details
005 - DATE AND TIME OF LATEST TRANSACTION
control field 20250610095239.0
020 ## - INTERNATIONAL STANDARD BOOK NUMBER
International Standard Book Number 978-81-315-1614-0
082 ## - DEWEY DECIMAL CLASSIFICATION NUMBER
Classification number 338.4 KUR
100 ## - MAIN ENTRY--PERSONAL NAME
Author name KURATKO, D.
245 ## - TITLE STATEMENT
Title Entrepreneurship: An introduction
250 ## - EDITION STATEMENT
Edition statement 8th Ed.
260 ## - PUBLICATION, DISTRIBUTION, ETC.
Place of publication, distribution, etc. New Delhi
Name of publisher, distributor, etc. CENGAGE Learning
Date of publication, distribution, etc. 2011
300 ## - PHYSICAL DESCRIPTION
Extent 556p. table,picture
Other physical details index
Dimensions 25cm
942 ## - ADDED ENTRY ELEMENTS (KOHA)
Source of classification or shelving scheme Dewey Decimal Classification
Koha item type Books
Holdings
Date last seen Total checkouts Barcode Cost, replacement price Price effective from Koha item type Lost status Source of classification or shelving scheme Damaged status Not for loan Withdrawn status Home library Current library Shelving location Date acquired Cost, normal purchase price
06/10/2025   DOM0001811 165000.00 06/10/2025 Books   Dewey Decimal Classification       CBE Dodoma CBE Dodoma Special Reserve Collection 10/24/2017 55000.00